| 000 | 00730nam a2200229Ia 4500 | ||
|---|---|---|---|
| 005 | 20220829134934.0 | ||
| 008 | 210716s2008 xx 000 0 und d | ||
| 020 | _a9781890774585 | ||
| 040 | _cAIMIT LIBRARY | ||
| 041 | _aeng | ||
| 082 |
_a006.37 _21 _bBOEA |
||
| 100 |
_aBoehm, Anne. _955895 |
||
| 245 |
_aMurachs visual basic 2008 / _cBy Anne Boehm |
||
| 250 | _a1st ed. | ||
| 260 |
_aMumbai : _bShroff Publishers and Distributors Pvt Ltd. , _c2010 |
||
| 300 |
_axviii, 820p ; _bPB : _c24.5 cm. |
||
| 650 |
_aVisual Basic _955896 |
||
| 650 |
_aThe Visual Basic Language essentials _955897 |
||
| 650 |
_aData base programming _955898 |
||
| 650 |
_aObject Oriented Programming _955899 |
||
| 942 |
_2ddc _cBK _e1st _k006.37 BOEA |
||
| 999 |
_c189098 _d189098 |
||